00623cam a22001937a 4500008004100000020002500041100001900066245007200085260006800157300003300225500002000258504004100278650003400319650002800353700002100381003000100402005001700403040000900420  a9781107014992 (hbk.)1 aGoresky, Mark.10aAlgebraic shift register sequences /cMark Goresky, Andrew Klapper. aCambridge, UK ;aNew York :bCambridge University Press,c2012. axv, 498 p. :bill. ;c26 cm. aIncludes index. aIncludes bibliographical references. 0aShift registersxMathematics. 0aSequences (Mathematics)1 aKlapper, Andrew.20230123122113.0 cNUST